Statistics for Powerful Countries Bordering Weak Countries

Click here to take the quiz!

General Stats

  • This quiz has been taken 67 times
  • The average score is 17 of 21

Answer Stats

Country % Correct
China
100%
Russia
98%
India
97%
Kazakhstan
92%
Nepal
92%
Mongolia
92%
Bhutan
90%
Laos
86%
Estonia
86%
Latvia
84%
Lithuania
83%
Tajikistan
83%
Georgia
83%
Kyrgyzstan
79%
Finland
78%
Brazil
78%
Azerbaijan
76%
Afghanistan
75%
France
70%
Suriname
67%
Sri Lanka
56%

Score Distribution

Percentile by Number Answered

Percent of People with Each Score

Your Score History

You have not taken this quiz